| 000 | 00533nam a22001577a 4500 | ||
|---|---|---|---|
| 003 | macl | ||
| 005 | 20241107132048.0 | ||
| 008 | 241107b |||||||| |||| 00| 0 eng d | ||
| 040 | _cmacl | ||
| 082 | _a540 | ||
| 100 | _aअरिहंत | ||
| 245 | _aMaster the Ncert for neet -jeeरसायन विज्ञान भाग -01 (NCRT कक्षा -xi पर आधारित ) | ||
| 260 |
_aमेरठ _bअरिहंत _c2024 |
||
| 650 |
_aरसायन विज्ञान _951767 |
||
| 942 |
_2ddc _cC. BOOKS |
||
| 999 |
_c67788 _d67788 |
||